| 000 | 00793 a2200217 4500 | ||
|---|---|---|---|
| 008 | 080820t xxu||||| |||| 00| 0 eng d | ||
| 010 | _aENG-84882 | ||
| 020 |
_a817622118X _c495.00 |
||
| 035 | _aEN-68415 | ||
| 037 | _bD.B.Act / Pub | ||
| 082 | _a615.9/003 | ||
| 245 |
_aBiotech's dictionary of toxicology / _ccompiled and edited Dinesh Arora |
||
| 246 | _aDictionary of toxicology | ||
| 246 | _aToxicology | ||
| 260 |
_aDelhi _bBiotech Books _c2004 |
||
| 300 |
_a344 p. ; _c22 cm. _bill |
||
| 650 |
_aToxicology _xDictionaries. |
||
| 700 | _aArora, Dinesh | ||
| 942 |
_adpl _cEN _k615.9003 /BIO _2ddc _h615.9003 _mBIO |
||
| 999 |
_c644 _d644 |
||